00523 2200193 4500001002100000005001500021035002000036008004100056245007500097100000900172260004500181300001200226084001600238082000800254650001300262020001600275990001800291990002000309INLIS00000000000038520240813102227 a0010-0724000385240813 0 ind 1 aMenjelajah Dunia Internet Dengan Windows Internet Explorer /cM. Rezky aRudi aBanten :bPT. Panca Anugrah Sakti,c2010 a64 hlm. a005 RUD m.1 a005 4aKomputer a979517142-9 aP29/CP/24/385 aP29/CP/24/385.1